| 000 | 01804cam a2200469 4500 | ||
|---|---|---|---|
| 001 | J3304 | ||
| 008 | #DATE n1950 000 0 eng u | ||
| 035 | _a(Sirsi) u129031 | ||
| 041 | _aeng | ||
| 100 | _aPhillimore, R. H. | ||
| 245 |
_aHistorical records of the survey of India volume two _b1800 to 1815 |
||
| 260 |
_aDehra Dun _bSurveyor General of India _c1950 |
||
| 300 |
_axxviii, 478p. _bill. _c30cm. |
||
| 350 | _a0 | ||
| 490 |
_aHistorical Records of the Survey of India _v2 |
||
| 505 | _aBengal and Orissa | ||
| 505 | _aUpper provinces and Oudh | ||
| 505 | _aSouth-western marches | ||
| 505 | _aNorth-west frontier | ||
| 505 | _aHimalaya mountains | ||
| 505 | _aSurvey of Mysore 1800-5 | ||
| 505 | _aMysore and Kanara | ||
| 505 | _aMadras military surveys | ||
| 505 | _aCarnatic districts | ||
| 505 | _aOther Madras surveys | ||
| 505 | _aBombay and Persia | ||
| 505 | _aRevenue surveys | ||
| 505 | _aAstronomical control | ||
| 505 | _aProfessional methods of survey | ||
| 505 | _aInstruments | ||
| 505 | _aLambton's trigonometrical survey | ||
| 505 | _aLambton's professional details | ||
| 505 | _aMaps | ||
| 505 | _aAdministration | ||
| 505 | _aSurveyors | ||
| 505 | _aAllowances and expenditure | ||
| 505 | _aCivil assistants | ||
| 505 | _aPeople and country of India | ||
| 520 | _aSecond volume in this definitive history of the survey of India covering the period during which large parts of modern India were explored and surveyed by the East India Company for the first time. Describes Lambton and Mackenzie's efforts to ensure that surveys were carried out to the highest scientific standards and on a logical province by province basis. Includes maps and references to source material. | ||
| 690 | _aMAPPING AND MEASUREMENT | ||
| 942 | _n0 | ||
| 999 |
_c104088 _d104088 |
||